| 000 | 00351nam a2200145Ia 4500 | ||
|---|---|---|---|
| 005 | 20240814120821.0 | ||
| 008 | 240813s9999||||xx |||||||||||||| ||und|| | ||
| 082 | _a508 PAR (CH) | ||
| 100 | _aParkar, Bertha Morris | ||
| 245 | 0 | _aApplication to envirnoment | |
| 260 |
_aUSA _bRow Peterson _c1946 |
||
| 300 | _a36p. | ||
| 650 | _aScience | ||
| 942 | _cBK | ||
| 999 |
_c13466 _d13466 |
||